[Event "DMP - III LIGA SZACHOWA SENIOROW PK 2020"]
[Site "Bystre"]
[Date "1899-12-30"]
[Round "4.30"]
[White "Krzysztynska, Anna"]
[Black "Tarsa, Joanna"]
[Result "1-0"]
[WhiteTitle "I++"]
[BlackTitle "I"]
[WhiteElo "1857"]
[BlackElo "1574"]

1. e4 c5 2. c3 Nc6 3. d4 cxd4 4. cxd4 d6 5. Nc3 Nf6 6. Nf3 g6 7. Bc4 Bg7 8. O-O
O-O 9. Bb3 b6 10. Be3 Bb7 11. d5 Nb8 12. Nd4 Nbd7 13. Rc1 Rc8 14. f3 Ne5 15. Qd2
Ba6 16. Ncb5 Qd7 17. a4 Rc5 18. Nc2 Rcc8 19. Qe2 Bxb5 20. axb5 Qb7 21. Nd4 Rxc1
22. Rxc1 Rc8 23. Nc6 Nxc6 24. bxc6 Qc7 25. Qa6 Ne8 26. Rc2 Qb8 27. Bc4 Rc7 28.
b4 Rc8 29. Qb7 Nc7 30. Ra2 1-0

[Event "DMP - III LIGA SZACHOWA SENIOROW PK 2020"]
[Site "Bystre"]
[Date "1899-12-30"]
[Round "5.3"]
[White "Samek, Ryszard"]
[Black "Stefanski, Adam"]
[Result "1-0"]
[WhiteTitle "I"]
[BlackTitle "II+"]
[WhiteElo "1993"]
[BlackElo "1387"]

1. d4 Nf6 2. c4 e6 3. Nf3 h6 4. Bf4 Bb4+ 5. Nfd2 d5 6. e3 O-O 7. a3 Bxd2+ 8. Nxd2
dxc4 9. Nxc4 Nbd7 10. Be2 Nb6 11. Rc1 Nbd5 12. Bg3 Bd7 13. O-O Bb5 14. Qc2 Bxc4
15. Bxc4 c6 16. Rfd1 Nb6 17. Ba2 Qe7 18. Bb1 g6 19. e4 Nh5 20. Qc5 Qd7 21. Bh4
f6 22. f3 Nf4 23. Kf1 g5 24. Be1 Rfd8 25. Ba5 Na4 26. Qc2 Nb6 27. Qb3 Kg7 28.
g3 Ng6 29. Kg2 h5 30. Bxb6 axb6 31. Qxb6 Ra4 32. d5 exd5 33. exd5 Ne5 34. Qb3
cxd5 35. Qc2 h4 36. Qh7+ Kf8 37. Qh6+ Qg7 1-0

[Event "DMP - III LIGA SZACHOWA SENIOROW PK 2020"]
[Site "Bystre"]
[Date "1899-12-30"]
[Round "5.4"]
[White "Korys, Dawid"]
[Black "Wojciechowski, Beniamin"]
[Result "0-1"]
[WhiteTitle "II"]
[BlackTitle "I"]
[WhiteElo "1343"]
[BlackElo "1835"]

1. d4 d5 2. Bf4 Bf5 3. e3 e6 4. c4 c6 5. Nc3 Nd7 6. Nf3 Ngf6 7. Be2 Be7 8. Ne5
Nxe5 9. Bxe5 O-O 10. O-O Re8 11. cxd5 exd5 12. Bd3 Qd7 13. Bxf5 Qxf5 14. Bxf6
Bxf6 15. Ne2 Rad8 16. a4 Be7 17. Qd2 Bd6 18. b4 Re6 19. b5 Rg6 20. bxc6 bxc6 21.
Rac1 Qg4 22. Ng3 Bb8 23. Qe2 Qh4 24. f4 Re8 25. Nf5 Qf6 26. Qd3 Qd8 27. Rc5 Rge6
28. Rf3 g6 29. Nh6+ Kg7 30. Ng4 f6 31. f5 Re4 32. Nf2 Qe7 33. Nxe4 dxe4 34. Qc4
exf3 35. Qe6 Qc7 36. g3 Rxe6 37. fxe6 Qd6 38. Kf2 Qxe6 39. Kxf3 f5 40. Ke2 Qa2+
41. Kd3 Qxa4 42. Kc3 a5 43. Kb2 Bd6 44. Rc3 c5 45. Rb3 c4 46. Rb7+ Kh6 47. Kc3
Bb4+ 0-1

[Event "DMP - III LIGA SZACHOWA SENIOROW PK 2020"]
[Site "Bystre"]
[Date "1899-12-30"]
[Round "5.6"]
[White "Trybowska, Anna"]
[Black "Krzysztynska, Anna"]
[Result "0-1"]
[WhiteTitle "I++"]
[BlackTitle "I++"]
[WhiteElo "1583"]
[BlackElo "1857"]

1. d4 c5 2. e3 e6 3. c4 g6 4. Nc3 Bg7 5. Nf3 Ne7 6. Bd3 O-O 7. O-O d6 8. Qc2 Nbc6
9. dxc5 Nb4 10. Qd2 dxc5 11. Be2 Qc7 12. Nb5 Qb6 13. Qd6 Nbc6 14. Qc7 Qxc7 15.
Nxc7 Rb8 16. Nb5 b6 17. Rb1 Bb7 18. b3 a6 19. Nd6 Ba8 20. Bb2 e5 21. Rfd1 Rfd8
22. Ng5 Rf8 23. h4 h6 24. Nge4 f5 25. Nc3 Rfd8 26. h5 Nd4 27. hxg6 Rxd6 28. exd4
exd4 29. Bh5 dxc3 30. Rxd6 cxb2 31. f3 Nc6 32. g4 f4 33. Rd7 Nd4 34. g5 hxg5 35.
Kf2 Nc2 36. Rxg7+ Kxg7 37. Rxb2 Nd4 38. Rd2 Bc6 0-1

[Event "DMP - III LIGA SZACHOWA SENIOROW PK 2020"]
[Site "Bystre"]
[Date "1899-12-30"]
[Round "5.7"]
[White "Kopczyk, Daniel"]
[Black "Marut, Leszek"]
[Result "1-0"]
[WhiteTitle "k"]
[BlackTitle "I"]
[WhiteElo "2137"]
[BlackElo "1863"]

1. Nc3 d5 2. e4 dxe4 3. Nxe4 e5 4. Bc4 f5 5. Nc3 g6 6. Qe2 Bg7 7. d3 Nc6 8. Nf3
Qd6 9. O-O a6 10. Re1 Bd7 11. Bf4 O-O-O 12. Nxe5 Re8 13. Nxd7 Rxe2 14. Bxd6 Rxe1+
15. Rxe1 Kxd7 16. Bf4 Nf6 17. Kf1 Re8 18. Rxe8 Nxe8 19. Nd1 Nd6 20. Bg8 h6 21.
h4 Ne7 22. Bb3 Bf6 23. Bxh6 Bxh4 24. Bf4 Bf6 25. c3 g5 26. Bd2 f4 27. Ke2 Ng6
28. d4 Nh4 29. g3 f3+ 30. Kf1 Ne4 31. Bc1 Nf5 32. Bc2 Nfxg3+ 33. fxg3 Nxg3+ 34.
Kf2 Ne2 35. Be3 g4 36. Bf5+ 1-0

[Event "DMP - III LIGA SZACHOWA SENIOROW PK 2020"]
[Site "Bystre"]
[Date "1899-12-30"]
[Round "5.8"]
[White "Dobrzanski, Krzysztof"]
[Black "Mrozowski, Patryk"]
[Result "0-1"]
[WhiteTitle "II+"]
[BlackTitle "I++"]
[WhiteElo "1722"]
[BlackElo "2065"]

1. d4 Nf6 2. Nf3 c5 3. e3 d5 4. c3 Nc6 5. Bd3 Bg4 6. Nbd2 e6 7. O-O Bd6 8. dxc5
Bxc5 9. b3 Qc7 10. Bb2 Rd8 11. h3 Bh5 12. Qe2 e5 13. e4 O-O 14. exd5 Rxd5 15.
c4 Rd6 16. Bxe5 Nxe5 17. Qxe5 Re8 18. Qc3 Red8 19. Bc2 Qb6 20. a3 Rxd2 0-1

[Event "DMP - III LIGA SZACHOWA SENIOROW PK 2020"]
[Site "Bystre"]
[Date "1899-12-30"]
[Round "5.13"]
[White "Zgoda, Damian"]
[Black "Lorenc, Marian"]
[Result "0-1"]
[WhiteTitle "I"]
[BlackTitle "k"]
[WhiteElo "1672"]
[BlackElo "2124"]

1. d4 d5 2. Nf3 Nf6 3. Bg5 Ne4 4. Bf4 c5 5. e3 Nc6 6. c3 Qb6 7. Qc1 Bf5 8. Nbd2
Rc8 9. Be2 g5 10. Be5 f6 11. dxc5 Nxc5 12. Bd4 e5 13. Bxc5 Bxc5 14. O-O O-O 15.
Nb3 Be7 16. Qd1 Be6 17. Rc1 Rfd8 18. Qc2 a5 19. Nbd2 f5 20. Qa4 g4 21. Ne1 Qxb2
22. Rc2 Qb6 23. Nd3 Qc7 24. Rb1 Nb4 25. Nxb4 axb4 26. Rbc1 bxc3 27. Rxc3 Qxc3
28. Rxc3 Rxc3 29. Nb3 Rdc8 30. g3 Kf7 31. Bb5 R3c7 32. Qa7 h5 33. Bf1 h4 34. Qa4
Rc2 35. h3 hxg3 36. fxg3 gxh3 37. Bxh3 Rb2 38. Qa7 Rb1+ 39. Bf1 Rc2 40. Qxb7 Rxa2
41. Qb8 Raa1 42. Qxe5 Rxf1+ 43. Kg2 Rg1+ 44. Kf2 Raf1+ 45. Ke2 d4 46. Nd2 Re1+
47. Kf2 dxe3+ 48. Kf3 exd2 0-1

[Event "DMP - III LIGA SZACHOWA SENIOROW PK 2020"]
[Site "Bystre"]
[Date "1899-12-30"]
[Round "5.14"]
[White "Marciniak, Leonard"]
[Black "Smusz, Kamil"]
[Result "1/2-1/2"]
[WhiteTitle "I+"]
[BlackTitle "I"]
[WhiteElo "1672"]
[BlackElo "1922"]

1. e4 e5 2. Nf3 Nc6 3. Bc4 Nf6 4. d3 Be7 5. c3 O-O 6. O-O d5 7. exd5 Nxd5 8. Re1
Bf6 9. Nbd2 Bf5 10. Ne4 Nb6 11. Bb3 Bxe4 12. dxe4 Qxd1 13. Rxd1 Rfd8 14. Be3 Na5
15. Rxd8+ Rxd8 16. Rd1 Nxb3 17. Rxd8+ Bxd8 18. axb3 f6 19. Bxb6 axb6 20. Kf1 Kf7
21. Ke2 Ke6 22. b4 b5 23. Ne1 Be7 24. Nd3 g6 25. g3 Bf8 26. f4 Be7 27. Kf3 Bf8
28. Ne1 1/2-1/2

[Event "DMP - III LIGA SZACHOWA SENIOROW PK 2020"]
[Site "Bystre"]
[Date "1899-12-30"]
[Round "5.15"]
[White "Kasperek, Rafal"]
[Black "Klok, Kacper"]
[Result "1/2-1/2"]
[WhiteTitle "I++"]
[BlackTitle "I"]
[WhiteElo "1982"]
[BlackElo "1463"]

1. e4 c5 2. Nf3 Nc6 3. Bb5 d6 4. d4 cxd4 5. Qxd4 Bd7 6. Bxc6 Bxc6 7. Nc3 Nf6 8.
Bg5 Qb6 9. Qxb6 axb6 10. Nd2 e6 11. f3 Be7 12. O-O h6 13. Be3 b5 14. a3 g5 15.
Nb3 e5 16. Rad1 g4 17. Nc5 Kd7 18. Nb3 Ke8 19. Bb6 gxf3 20. gxf3 Rg8+ 21. Kf2
1/2-1/2

[Event "DMP - III LIGA SZACHOWA SENIOROW PK 2020"]
[Site "Bystre"]
[Date "1899-12-30"]
[Round "5.21"]
[White "Babiarz, Arkadiusz"]
[Black "Chowaniec, Artur"]
[Result "1-0"]
[WhiteTitle "I++"]
[BlackTitle "I"]
[WhiteElo "1840"]
[BlackElo "1530"]

1. e4 e5 2. Nf3 Nc6 3. c3 Nf6 4. Qa4 d6 5. d4 Bd7 6. Qc2 Be7 7. Bb5 O-O 8. O-O
Nxd4 9. Nxd4 exd4 10. Bxd7 d3 11. Qxd3 Nxd7 12. Be3 Ne5 13. Qe2 a6 14. f4 Nc6
15. Nd2 d5 16. Rad1 dxe4 17. Nxe4 Qc8 18. f5 f6 19. Bc5 Bxc5+ 20. Nxc5 Ne5 21.
Ne6 Re8 22. Rd5 Rxe6 23. fxe6 Qxe6 24. Rfd1 Re8 25. h3 c6 26. Rd8 h6 27. Qh5 Nf7
28. Rxe8+ Qxe8 29. Qg4 Ne5 30. Qb4 Qb8 31. Qb6 Nf7 32. Rd7 Qg3 33. Qf2 Qb8 34.
Qe2 Ne5 35. Rd4 Kf7 36. Qh5+ Ke7 37. Kh1 Qe8 38. Qxe8+ Kxe8 39. Kh2 b5 40. Kg3
Ke7 41. Kf4 g6 42. Ke4 Nd7 43. b4 Nb6 44. Rd1 Nd5 45. Kd4 Kd6 46. a4 h5 47. Ra1
h4 48. axb5 axb5 49. Rg1 Nf4 50. Rf1 Nd5 51. Rf3 f5 52. g3 hxg3 53. Rxg3 Ne7 54.
h4 Ke6 55. Kc5 f4 56. Rg5 f3 57. Rg3 Nf5 58. Rxf3 Nxh4 59. Rh3 Nf5 60. Kxc6 g5
61. Kxb5 g4 62. Rh8 Kf7 63. Rh1 Kg6 64. Ka6 Kg5 65. b5 Nd6 66. b6 Kf4 67. b7 Nxb7
68. Kxb7 Ke3 69. c4 Kd4 1-0

[Event "DMP - III LIGA SZACHOWA SENIOROW PK 2020"]
[Site "Bystre"]
[Date "1899-12-30"]
[Round "5.27"]
[White "Biesiadecki, Adam"]
[Black "Janzer, Hubert"]
[Result "1/2-1/2"]
[WhiteTitle "I"]
[BlackTitle "I++"]
[WhiteElo "1539"]
[BlackElo "1893"]

1. d4 Nf6 2. c4 c5 3. d5 b5 4. cxb5 a6 5. bxa6 Bxa6 6. Nc3 d6 7. e4 Bxf1 8. Kxf1
g6 9. Rb1 Qa5 10. g3 Bg7 11. Nge2 O-O 12. b3 Na6 13. a4 Nd7 14. Nb5 Nb4 15. Kg2
Ne5 16. Bb2 f5 17. Bxe5 Bxe5 18. f4 Bg7 19. Nec3 fxe4 20. Nxe4 Rf5 21. Nec3 Raf8
22. h4 Qa8 23. Qe2 Nxd5 24. Qe6+ Kh8 25. Nxd5 Rxd5 26. Kh3 Rd2 27. Rh2 Rxh2+ 28.
Kxh2 Bf6 29. Rf1 Qa5 30. Rf2 Kg7 31. Re2 Rd8 32. Qg4 d5 33. f5 d4 34. fxg6 hxg6
35. h5 g5 36. Qf5 d3 37. Qg6+ Kh8 38. Qh6+ Kg8 39. Qg6+ Kf8 40. h6 dxe2 41. h7
1/2-1/2

[Event "DMP - III LIGA SZACHOWA SENIOROW PK 2020"]
[Site "Bystre"]
[Date "1899-12-30"]
[Round "5.28"]
[White "Lach, Tomasz"]
[Black "Juszczuk, Grzegorz"]
[Result "1-0"]
[WhiteTitle "I"]
[BlackTitle "I"]
[WhiteElo "1833"]
[BlackElo "1809"]

1. d4 c5 2. c3 g6 3. Nf3 Bg7 4. dxc5 Nf6 5. Bf4 Nc6 6. e3 Nh5 7. Bg5 Qa5 8. Be2
Qxc5 9. O-O d6 10. Nbd2 O-O 11. Nb3 Qb6 12. Nfd4 Nf6 13. Bf3 Bd7 14. Re1 a5 15.
Rb1 a4 16. Nd2 Qa5 17. Bxf6 Bxf6 18. a3 Rab8 19. Bg4 Bxg4 20. Qxg4 Ne5 21. Qe2
Rfc8 22. N4f3 Nd7 23. e4 Qc5 24. Nf1 b5 25. Ne3 Nb6 26. Red1 Rb7 27. Nd5 Nxd5
28. Rxd5 Qc4 29. Rd2 Rbc7 30. Re1 Rc5 31. Nd4 Bxd4 32. Rxd4 Qxe2 33. Rxe2 Kf8
34. Red2 Ke8 35. Kf1 Kd7 36. Ke2 Kc6 37. f3 f5 38. Ke3 f4+ 39. Kf2 Rd8 40. g3
e5 41. Rd5 Rxd5 42. Rxd5 g5 43. Kg2 h5 44. Kf2 Rf8 45. Kg2 g4 46. fxg4 f3+ 47.
Kf1 hxg4 48. Kf2 Rh8 49. h4 gxh3 50. Rd1 Kc5 51. Kxf3 h2 52. Kg2 Kc4 53. Kh1 Kb3
54. Rd2 Rh3 55. Rg2 Kc4 56. g4 Kd3 57. g5 Kxe4 58. g6 Rh8 59. g7 Rg8 60. Kxh2
d5 61. Kg1 d4 62. cxd4 exd4 63. Kf2 Kd3 64. Ke1 Re8+ 65. Kd1 Rg8 66. Rg3+ Ke4
67. Kd2 Kf4 68. Rg1 Ke4 69. Ke2 Kf4 70. Kd3 Ke5 71. Rg2 Kd5 72. Rg5+ Kc6 73. Kxd4
Kd6 74. Kc3 Kc6 75. Kb4 Kb6 76. Rg6+ Ka7 77. Ka5 Kb7 78. Kxb5 Ka8 79. Kxa4 Kb7
80. Kb5 Kc7 81. b4 Kb7 82. a4 Ka8 83. Kb6 Kb8 84. Rf6 Rh8 1-0

[Event "DMP - III LIGA SZACHOWA SENIOROW PK 2020"]
[Site "Bystre"]
[Date "1899-12-30"]
[Round "5.29"]
[White "Bialek, Filip"]
[Black "Lach, Mateusz"]
[Result "1-0"]
[WhiteTitle "II"]
[BlackTitle "I"]
[WhiteElo "1026"]
[BlackElo "1674"]

1. c4 e6 2. Nc3 f5 3. d3 Nf6 4. g3 Be7 5. Bg2 O-O 6. e3 c6 7. Nge2 d5 8. O-O h6
9. Rb1 Qc7 10. a3 h5 11. h4 g6 12. b4 Kh7 13. a4 Nbd7 14. b5 Ne5 15. cxd5 cxd5
16. Qd2 Nf7 17. e4 dxe4 18. dxe4 Rd8 19. Qa2 Bc5 20. exf5 exf5 21. Bf4 Bd6 22.
Bxd6 Rxd6 23. Rfd1 Be6 24. Qb2 Rad8 25. Nf4 Bc8 26. Rxd6 Rxd6 27. Nce2 Qd8 28.
Qb3 Nh6 29. Rc1 Ne4 30. Qc2 Bd7 31. Bxe4 fxe4 32. Qxe4 Bf5 33. Qxb7+ Rd7 34. Qc6
Ng4 35. Rf1 Ne5 36. Qc3 Re7 37. Kg2 Ng4 38. Re1 Qb6 39. Nh3 Qb7+ 40. Kg1 Qd5 41.
Ng5+ Kg8 42. Nf4 Rxe1+ 43. Qxe1 Qe5 44. Qd1 Kg7 45. Qd4 Qxd4 46. Nge6+ Kf7 47.
Nxd4 Bc8 48. Nc6 a6 49. b6 Nf6 50. b7 Bxb7 51. Nd8+ Kg7 52. Nxb7 Nd7 53. Ne6+
Kf6 54. Nec5 Nb6 55. a5 Nc4 56. Nxa6 Ke6 57. Nac5+ Kd5 58. a6 Nb6 59. Kg2 Kc6
60. Kf3 Kc7 61. Kf4 Kb8 62. Kg5 Ka7 63. Kxg6 Nd5 64. Kxh5 Ne7 65. Kg5 Nc6 66.
h5 Ne7 67. h6 Nc6 68. h7 Ne5 69. h8=Q Nc6 70. Nd6 Nb8 71. Qb2 1-0

[Event "DMP - III LIGA SZACHOWA SENIOROW PK 2020"]
[Site "Bystre"]
[Date "1899-12-30"]
[Round "5.30"]
[White "Wladyka, Angelika"]
[Black "Krzyzanowska-zadlo, Lidia"]
[Result "1/2-1/2"]
[WhiteTitle "I"]
[BlackTitle "k"]
[WhiteElo "1601"]
[BlackElo "1801"]

1. e4 c6 2. d4 d5 3. exd5 cxd5 4. c4 Nf6 5. Nf3 Nc6 6. Nc3 e6 7. Bd3 dxc4 8. Bxc4
Be7 9. O-O O-O 10. Bf4 a6 11. a4 Bd7 12. Qe2 Nb4 13. Rfe1 Re8 14. Ne5 Nfd5 15.
Nxd5 exd5 16. Bd3 Nxd3 17. Qxd3 Bb4 18. Bd2 Bxd2 19. Qxd2 f6 20. Nxd7 Qxd7 21.
b3 Rac8 1/2-1/2

[Event "DMP - III LIGA SZACHOWA SENIOROW PK 2020"]
[Site "Bystre"]
[Date "1899-12-30"]
[Round "6.3"]
[White "Stefanski, Adam"]
[Black "Janzer, Hubert"]
[Result "0-1"]
[WhiteTitle "II+"]
[BlackTitle "I++"]
[WhiteElo "1387"]
[BlackElo "1893"]

1. c4 Nf6 2. Nc3 c5 3. Nf3 Nc6 4. g3 g6 5. Bg2 Bg7 6. O-O O-O 7. a3 d6 8. d3 a6
9. Rb1 Rb8 10. b4 cxb4 11. axb4 b5 12. cxb5 axb5 13. Bd2 d5 14. d4 Bf5 15. Bf4
Bxb1 16. Bxb8 Be4 17. Bf4 Qb6 18. Qb3 Nxd4 19. Nxd4 Bxg2 20. Kxg2 Qxd4 21. Nxb5
Qe4+ 22. Kg1 Qxe2 23. Na3 e5 24. Bg5 Ne4 25. Bc1 d4 26. Nc4 Rc8 27. Nb2 Nxf2 28.
Rxf2 Rxc1+ 29. Kg2 Qe4+ 30. Kh3 Qb7 31. Nc4 0-1

[Event "DMP - III LIGA SZACHOWA SENIOROW PK 2020"]
[Site "Bystre"]
[Date "1899-12-30"]
[Round "6.4"]
[White "Lach, Tomasz"]
[Black "Korys, Dawid"]
[Result "1-0"]
[WhiteTitle "I"]
[BlackTitle "II"]
[WhiteElo "1833"]
[BlackElo "1343"]

1. d4 Nf6 2. Bg5 e6 3. Nf3 Be7 4. e3 d5 5. Nbd2 b6 6. Bd3 Ba6 7. Bxa6 Nxa6 8. c3
Nb8 9. O-O Nbd7 10. Rc1 c5 11. Re1 h6 12. Bh4 g5 13. Bg3 Nh5 14. Qa4 Nxg3 15.
hxg3 O-O 16. Qc2 Qc7 17. Qd3 e5 18. dxe5 Nxe5 19. Qxd5 Rad8 20. Qxe5 Qxe5 21.
Nxe5 Rxd2 22. Nc4 Rd7 23. e4 Rfd8 24. Ne3 Rd2 25. Nd5 Kf8 26. Rb1 f5 27. c4 fxe4
28. Rxe4 R8xd5 29. cxd5 Rxd5 30. Re6 h5 31. Rbe1 Rd7 32. f4 Kf7 33. Rh6 gxf4 34.
gxf4 Rd5 35. Rh7+ 1-0

[Event "DMP - III LIGA SZACHOWA SENIOROW PK 2020"]
[Site "Bystre"]
[Date "1899-12-30"]
[Round "6.8"]
[White "Baniak, Lukasz"]
[Black "Mazurkiewicz, Andrzej"]
[Result "1-0"]
[WhiteTitle "I++"]
[BlackTitle "I"]
[WhiteElo "1939"]
[BlackElo "1608"]

1. e4 d5 2. exd5 Qxd5 3. Nc3 Qd6 4. g3 g6 5. Bg2 Bg7 6. Nge2 Nf6 7. O-O a6 8. d4
h5 9. Bf4 Qd8 10. Qd2 h4 11. Rfe1 hxg3 12. Nxg3 c6 13. d5 Bh3 14. d6 e6 15. Bh1
Nbd7 16. Bg5 Qa5 17. a3 Nh7 18. Be7 Bf6 19. b4 Qg5 20. f4 Qh4 21. Nce4 Bxe7 22.
dxe7 Nhf6 23. Rad1 Nd5 24. c4 Bg4 25. cxd5 Bxd1 26. dxe6 fxe6 27. Nd6+ Kxe7 28.
Ndf5+ gxf5 29. Nxf5+ Kd8 30. Nxh4 Rxh4 31. Rxd1 Rh7 32. Qd6 Rc8 33. Be4 Rf7 34.
Bg6 Re7 35. f5 exf5 36. Qf6 1-0

[Event "DMP - III LIGA SZACHOWA SENIOROW PK 2020"]
[Site "Bystre"]
[Date "1899-12-30"]
[Round "6.10"]
[White "Juszczuk, Grzegorz"]
[Black "Wrobel, Dariusz"]
[Result "1-0"]
[WhiteTitle "I"]
[BlackTitle "II+"]
[WhiteElo "1809"]
[BlackElo "1427"]

1. d4 d5 2. Nf3 e6 3. Bf4 c5 4. e3 cxd4 5. exd4 Nc6 6. Be2 Bd6 7. Bxd6 Qxd6 8.
O-O Nge7 9. c3 O-O 10. Nbd2 a6 11. Re1 Ng6 12. Bd3 Nce7 13. Rc1 b5 14. Nb3 Bb7
15. Nc5 Bc6 16. Bb1 Rfc8 17. Qd3 Nf8 18. Ne5 Be8 19. Re3 Neg6 20. Rce1 Rc7 21.
g3 Qe7 22. h4 Nxe5 23. Rxe5 Qf6 24. R1e3 Ng6 25. Rg5 Rc6 26. Rf3 Qd8 27. Qe3 Nf8
28. Qd3 Qd6 29. h5 f5 30. h6 Ng6 31. hxg7 Kxg7 32. Qe3 Ra7 33. Rh5 Re7 34. Qh6+
Kg8 35. b4 Rg7 36. Re3 Bf7 37. Rg5 Qf8 38. f4 Ne7 39. Nxe6 Bxe6 40. Rxe6 Rxe6
41. Qxe6+ Kh8 42. Qe5 Ng6 43. Qxd5 Qe8 44. Kf2 Re7 45. Bd3 Re1 46. Qf3 Ra1 47.
Qe2 Qf7 48. Rxf5 Qd7 49. Be4 Qc7 50. Rc5 Qd7 51. Bxg6 hxg6 52. Qe5+ 1-0

[Event "DMP - III LIGA SZACHOWA SENIOROW PK 2020"]
[Site "Bystre"]
[Date "1899-12-30"]
[Round "6.13"]
[White "Lorenc, Marian"]
[Black "Miasik, Adrian"]
[Result "1/2-1/2"]
[WhiteTitle "k"]
[BlackTitle "I++"]
[WhiteElo "2124"]
[BlackElo "1881"]

1. Nf3 d5 2. d4 e6 3. c4 c5 4. g3 Nc6 5. Bg2 Nf6 6. O-O Be7 7. dxc5 Bxc5 8. Bg5
O-O 9. Nc3 d4 10. Ne4 Be7 11. Nxf6+ Bxf6 12. Bxf6 Qxf6 13. b4 e5 14. b5 Nd8 15.
c5 Bd7 16. a4 Rc8 17. Nd2 Qe7 18. Ne4 f5 19. Nd6 Rxc5 20. Nxb7 Nxb7 21. Bxb7 Bxb5
22. axb5 Qxb7 23. f4 Rxb5 24. fxe5 Rxe5 25. Qxd4 Qb6 26. Rfd1 Rd8 27. Qxb6 Rxd1+
28. Rxd1 axb6 29. Rd8+ Kf7 30. Rb8 Rb5 31. h4 Kg6 32. Rb7 Kf6 33. Kf2 h6 34. Kf3
Rb3+ 35. Kf2 g5 36. hxg5+ hxg5 37. Rb8 Kg6 38. Rd8 Rb5 39. Rd4 Kf6 40. Rd6+ Ke5
41. Rd8 g4 42. Rb8 Kd4 43. Rb7 Rb3 44. Rd7+ Ke5 45. Rb7 b5 46. Re7+ Kd6 47. Rf7
Ke6 48. Rb7 Rb4 49. Rb8 Rb3 50. Re8+ Kd6 51. Rf8 Ke6 52. Re8+ Kd5 53. Rd8+ Ke5
54. Re8+ Kf6 55. Rf8+ Kg6 56. Rg8+ Kf7 57. Rb8 Kg6 58. Rg8+ 1/2-1/2

[Event "DMP - III LIGA SZACHOWA SENIOROW PK 2020"]
[Site "Bystre"]
[Date "1899-12-30"]
[Round "6.15"]
[White "Klok, Kacper"]
[Black "Babiarz, Arkadiusz"]
[Result "0-1"]
[WhiteTitle "I"]
[BlackTitle "I++"]
[WhiteElo "1463"]
[BlackElo "1840"]

1. d4 d5 2. Nf3 Nf6 3. Bf4 e6 4. c4 dxc4 5. Nc3 a6 6. a4 Bb4 7. Qc2 Nc6 8. e3 Na5
9. Be2 O-O 10. O-O b6 11. Nd2 Bb7 12. f3 Nd5 13. Nxd5 exd5 14. Rad1 Qd7 15. e4
Bxd2 16. Bxd2 Nb3 17. Bb4 Rfe8 18. exd5 Qxa4 19. Bxc4 Qxb4 20. Bxb3 Rad8 21. Qxc7
Qxb3 22. Qxb7 Qxb2 23. Qxa6 Re2 0-1

[Event "DMP - III LIGA SZACHOWA SENIOROW PK 2020"]
[Site "Bystre"]
[Date "1899-12-30"]
[Round "6.19"]
[White "Marut, Leszek"]
[Black "Zgoda, Damian"]
[Result "1-0"]
[WhiteTitle "I"]
[BlackTitle "I"]
[WhiteElo "1863"]
[BlackElo "1672"]

1. d4 g6 2. Nf3 Bg7 3. g3 d6 4. Bg2 c5 5. O-O Qb6 6. c3 Nf6 7. Nbd2 O-O 8. Qb3
Nc6 9. dxc5 Qxc5 10. Qa4 b5 11. Qh4 h6 12. Nb3 Qb6 13. Bxh6 Ng4 14. Bxg7 Kxg7
15. Qg5 Rh8 16. h4 Bd7 17. Nfd4 Rh5 18. Qd2 Rah8 19. Nxc6 Bxc6 20. Qd4+ Qxd4 21.
Nxd4 Bxg2 22. Kxg2 g5 23. Nf3 gxh4 24. Nxh4 Rc8 25. Rfd1 d5 26. a4 b4 27. Rd4
Rc4 28. Rxc4 dxc4 29. cxb4 Rd5 30. Rc1 Ne5 31. Rc2 a6 32. Nf3 Kf6 33. Nxe5 Rxe5
34. Kf3 Rf5+ 35. Ke3 Re5+ 36. Kd4 Kf5 37. Kxc4 1-0

[Event "DMP - III LIGA SZACHOWA SENIOROW PK 2020"]
[Site "Bystre"]
[Date "1899-12-30"]
[Round "6.20"]
[White "Smusz, Kamil"]
[Black "Dobrzanski, Krzysztof"]
[Result "0-1"]
[WhiteTitle "I"]
[BlackTitle "II+"]
[WhiteElo "1922"]
[BlackElo "1722"]

1. d4 d5 2. Bf4 Nf6 3. e3 e6 4. Nf3 Bd6 5. Bg3 Ne4 6. Bd3 f5 7. c4 c6 8. O-O O-O
9. Nbd2 Nxg3 10. hxg3 Nd7 11. Nh2 Nf6 12. f4 Qe8 13. Be2 Bd7 14. g4 Qe7 15. g5
Ne4 16. Nxe4 dxe4 17. Kf2 h6 18. gxh6 Qh4+ 19. Kg1 Qxh6 20. Rf2 Kf7 21. g3 g5
22. Rg2 gxf4 23. exf4 Rh8 24. Kf2 Rag8 25. Qb3 Bxf4 26. Nf1 Bb8 27. Rh2 e3+ 28.
Qxe3 Qxe3+ 29. Kxe3 Rxh2 30. Nxh2 Rxg3+ 31. Kf2 Kf6 32. Nf1 Rh3 33. Bf3 Be8 34.
Rc1 Bd6 35. a3 Rh4 36. d5 cxd5 37. cxd5 e5 38. Rc8 Bb5 39. b4 e4 40. Bg2 Ke5 41.
Ne3 f4 42. Nc4+ Bxc4 43. Rxc4 f3 44. Bxf3 e3+ 0-1

[Event "DMP - III LIGA SZACHOWA SENIOROW PK 2020"]
[Site "Bystre"]
[Date "1899-12-30"]
[Round "6.21"]
[White "Palacki, Rafal"]
[Black "Kasperek, Rafal"]
[Result "1/2-1/2"]
[WhiteTitle "II+"]
[BlackTitle "I++"]
[WhiteElo "1755"]
[BlackElo "1982"]

1. e4 c5 2. Nf3 Nc6 3. Bb5 g6 4. O-O Bg7 5. c3 e5 6. d3 Nge7 7. Be3 d6 8. d4 cxd4
9. cxd4 O-O 10. Nc3 Bg4 11. d5 Nd4 12. Be2 Nxe2+ 13. Nxe2 h6 14. Ne1 Bxe2 15.
Qxe2 f5 16. f3 Qd7 17. Nd3 a6 18. Rfc1 Rac8 19. b4 Rxc1+ 20. Bxc1 g5 21. Be3 Rc8
22. a4 Rc3 23. Bd2 Rc7 24. Qd1 fxe4 25. fxe4 Nc8 26. Be3 Rc4 27. Rc1 Rxe4 28.
Qf3 Rxe3 29. Qxe3 Ne7 30. Nb2 Nxd5 31. Qb3 Qf7 32. Rd1 Nf4 33. Qxf7+ Kxf7 34.
Rxd6 e4 35. Rd7+ Kg6 36. Nd1 b6 37. Kf1 Be5 38. Ne3 Nd3 39. Ng4 Bf4 40. Re7 h5
41. Nf2 Nxb4 42. Rxe4 Nd5 43. g3 Bc7 44. Rd4 Nf6 45. Rc4 Nd5 46. Ke2 Kf5 47. Nd1
h4 48. Kf3 Bd6 49. Nf2 hxg3 50. hxg3 Ke5 51. Re4+ Kf5 52. Rc4 Ke5 53. Nd3+ Kf5
54. Rd4 Ke6 55. Nf2 b5 56. Re4+ Kf5 57. Rd4 Ke5 58. Re4+ Kf5 59. axb5 axb5 60.
Rd4 Ke5 61. Re4+ Kf5 1/2-1/2

[Event "DMP - III LIGA SZACHOWA SENIOROW PK 2020"]
[Site "Bystre"]
[Date "1899-12-30"]
[Round "6.22"]
[White "Mikula, Michal"]
[Black "Zajac, Karol"]
[Result "1-0"]
[WhiteTitle "I"]
[BlackTitle "I"]
[WhiteElo "1858"]
[BlackElo "1652"]

1. e4 c5 2. Nc3 Nc6 3. Bb5 g6 4. Bxc6 dxc6 5. f4 Bg7 6. Nf3 Nf6 7. O-O Qc7 8. d3
Bd7 9. Qe1 Rd8 10. e5 Nd5 11. Ne4 Qb6 12. c3 Bf5 13. Nh4 c4+ 14. d4 Bxe4 15. Qxe4
f5 16. exf6 Bxf6 17. f5 g5 18. Nf3 h6 19. Ne5 Bxe5 20. Qxe5 Nf6 21. Re1 O-O 22.
h4 Rd5 23. Qe6+ Kg7 24. hxg5 hxg5 25. Bxg5 Rf7 26. Re3 Qxb2 27. Bxf6+ exf6 28.
Rg3+ Kf8 29. Qc8+ Ke7 30. Re1+ Re5 31. dxe5 Qd2 32. exf6+ Kd6 33. Rge3 Kc5 34.
Qe6 Rd7 35. f7 Rd5 36. f8=Q+ Kb6 37. Qb4+ Rb5 38. Qbxc4 Rb2 39. Qd4+ Qxd4 40.
cxd4 1-0

[Event "DMP - III LIGA SZACHOWA SENIOROW PK 2020"]
[Site "Bystre"]
[Date "1899-12-30"]
[Round "6.25"]
[White "Piekarski, Lukasz"]
[Black "Kopczyk, Daniel"]
[Result "0-1"]
[WhiteTitle "I"]
[BlackTitle "k"]
[WhiteElo "1901"]
[BlackElo "2137"]

1. e4 c5 2. c4 Nc6 3. Nc3 g6 4. g3 Bg7 5. Bg2 d6 6. Nge2 e6 7. O-O Nge7 8. d3 O-O
9. a3 Rb8 10. Rb1 b6 11. Bg5 h6 12. Be3 Nd4 13. Bxd4 cxd4 14. Nb5 Nc6 15. e5 Nxe5
16. Nxa7 Bb7 17. Nxd4 d5 18. b3 Qd7 19. Nab5 Rfd8 20. Qe2 dxc4 21. dxc4 Bxg2 22.
Kxg2 Qb7+ 23. f3 Rd7 24. Rbd1 Rbd8 25. Nc2 Nd3 26. Ne3 Qc6 27. Nc2 Qc5 28. Qe3
Nf4+ 29. gxf4 Rxd1 30. Rxd1 Rxd1 31. Qxc5 bxc5 32. Nb4 g5 33. h3 h5 34. Kh2 0-1

[Event "DMP - III LIGA SZACHOWA SENIOROW PK 2020"]
[Site "Bystre"]
[Date "1899-12-30"]
[Round "6.26"]
[White "Mrozowski, Patryk"]
[Black "Pasionek, Ariel"]
[Result "1-0"]
[WhiteTitle "I++"]
[BlackTitle "I"]
[WhiteElo "2065"]
[BlackElo "1914"]

1. Nf3 Nf6 2. c4 g6 3. d4 Bg7 4. Nc3 O-O 5. e4 d6 6. Be2 Bg4 7. O-O Nbd7 8. Bg5
Bxf3 9. Bxf3 c6 10. Re1 e5 11. d5 c5 12. Qd2 a6 13. a3 Qc7 14. Be2 Rae8 15. Rab1
h5 16. Rf1 Nh7 17. Bh6 Qd8 18. Bxg7 Kxg7 19. b4 Qc7 20. Na4 b6 21. Rb3 Nhf6 22.
Bd3 Rb8 23. Qe2 Rb7 24. g3 Rfb8 25. Nc3 Rc8 26. b5 a5 27. f4 Rf8 28. Qf3 Qd8 29.
Rb2 Nh7 30. Rbf2 h4 31. Qg4 hxg3 32. Qxg3 exf4 33. Rxf4 Ne5 34. Be2 Qg5 35. Nd1
Qxg3+ 36. hxg3 Ng5 37. Kg2 Re7 38. Nf2 Nh7 39. Rh1 Rh8 40. Nh3 Nf6 41. Rhf1 Nh5
42. R4f2 Rf8 43. g4 Nxg4 44. Bxg4 Rxe4 45. Bxh5 gxh5 46. Rxf7+ 1-0